[Event "British Rapidplay 2017"]
[Site "Leeds"]
[Date "2017.11.19"]
[Round "7.3"]
[White "Surtees, Mike J"]
[Black "Storey, Charles H"]
[Result "1-0"]
[BlackElo "2225"]
[WhiteElo "2123"]
[LiveChessVersion "1.4.8"]

1. e4 {[%clk 0:19:20]} g6 {[%clk 0:20:19]} 2. d4 {[%clk 0:19:05]} Bg7
{[%clk 0:20:28]} 3. c3 {[%clk 0:19:12]} d5 {[%clk 0:20:35]} 4. exd5
{[%clk 0:19:06]} Qxd5 {[%clk 0:20:42]} 5. Nf3 {[%clk 0:19:09]} Nf6
{[%clk 0:20:27]} 6. Be2 {[%clk 0:19:03]} O-O {[%clk 0:19:59]} 7. O-O
{[%clk 0:19:06]} c5 {[%clk 0:17:52]} 8. c4 {[%clk 0:17:39]} Qd6 {[%clk 0:17:51]}
9. dxc5 {[%clk 0:17:44]} Qxd1 {[%clk 0:17:39]} 10. Rxd1 {[%clk 0:17:51]} Na6
{[%clk 0:17:45]} 11. Nc3 {[%clk 0:17:30]} Nxc5 {[%clk 0:17:38]} 12. Be3
{[%clk 0:17:24]} Nce4 {[%clk 0:17:14]} 13. Nxe4 {[%clk 0:17:25]} Nxe4
{[%clk 0:17:22]} 14. Bd4 {[%clk 0:17:27]} f6 {[%clk 0:17:07]} 15. Nd2
{[%clk 0:16:26]} Nxd2 {[%clk 0:15:16]} 16. Rxd2 {[%clk 0:16:34]} Rd8
{[%clk 0:15:06]} 17. Rad1 {[%clk 0:16:13]} Be6 {[%clk 0:14:05]} 18. Be3
{[%clk 0:15:37]} Rxd2 {[%clk 0:14:04]} 19. Rxd2 {[%clk 0:15:46]} Rc8
{[%clk 0:13:07]} 20. b3 {[%clk 0:15:52]} a6 {[%clk 0:12:25]} 21. Bf3
{[%clk 0:15:54]} b5 {[%clk 0:11:47]} 22. c5 {[%clk 0:15:17]} a5 {[%clk 0:11:33]}
23. Bb7 {[%clk 0:15:06]} Re8 {[%clk 0:09:47]} 24. c6 {[%clk 0:14:57]} Bc8
{[%clk 0:09:10]} 25. Bb6 {[%clk 0:14:04]} f5 {[%clk 0:09:11]} 26. Bxc8
{[%clk 0:12:56]} Rxc8 {[%clk 0:09:18]} 27. Rd8+ {[%clk 0:12:54]} Rxd8
{[%clk 0:09:19]} 28. Bxd8 {[%clk 0:13:02]} Be5 {[%clk 0:09:24]} 29. Bxa5
{[%clk 0:12:39]} 1-0

[Event "British Rapidplay 2017"]
[Site "Leeds"]
[Date "2017.11.19"]
[Round "7.4"]
[White "Shaw, Peter"]
[Black "Dong, Bao Nghia"]
[Result "0-1"]
[BlackElo "2183"]
[WhiteElo "2079"]
[LiveChessVersion "1.4.8"]

1. d4 {[%clk 0:20:15]} Nf6 {[%clk 0:20:18]} 2. c4 {[%clk 0:20:22]} c5
{[%clk 0:20:27]} 3. d5 {[%clk 0:20:27]} b5 {[%clk 0:20:36]} 4. cxb5
{[%clk 0:20:30]} a6 {[%clk 0:20:45]} 5. bxa6 {[%clk 0:20:37]} Bxa6
{[%clk 0:20:54]} 6. Nc3 {[%clk 0:20:43]} d6 {[%clk 0:21:02]} 7. e4
{[%clk 0:20:47]} Bxf1 {[%clk 0:21:10]} 8. Kxf1 {[%clk 0:20:55]} Nbd7
{[%clk 0:21:19]} 9. Nf3 {[%clk 0:21:02]} g6 {[%clk 0:21:28]} 10. g3
{[%clk 0:21:10]} Bg7 {[%clk 0:21:37]} 11. Kg2 {[%clk 0:21:18]} O-O
{[%clk 0:21:45]} 12. a4 {[%clk 0:21:19]} Qa5 {[%clk 0:21:52]} 13. Bd2
{[%clk 0:20:14]} Qb4 {[%clk 0:21:57]} 14. Qe2 {[%clk 0:17:48]} Rfb8
{[%clk 0:18:20]} 15. Rhb1 {[%clk 0:17:40]} Nb6 {[%clk 0:16:05]} 16. b3
{[%clk 0:17:08]} Nbd7 {[%clk 0:14:37]} 17. Ne1 {[%clk 0:15:25]} Qb6
{[%clk 0:12:56]} 18. Nb5 {[%clk 0:14:28]} e6 {[%clk 0:12:49]} 19. dxe6
{[%clk 0:13:48]} fxe6 {[%clk 0:12:57]} 20. Ra2 {[%clk 0:12:53]} d5
{[%clk 0:13:05]} 21. exd5 {[%clk 0:12:50]} exd5 {[%clk 0:13:13]} 22. Bf4
{[%clk 0:12:06]} Re8 {[%clk 0:13:12]} 23. Qf3 {[%clk 0:12:12]} Ne5
{[%clk 0:12:58]} 24. Bxe5 {[%clk 0:12:07]} Rxe5 {[%clk 0:13:06]} 25. Re2
{[%clk 0:10:54]} Rf5 {[%clk 0:10:57]} 26. Qd3 {[%clk 0:10:47]} Qc6
{[%clk 0:10:46]} 27. Kg1 {[%clk 0:10:27]} Ne4 {[%clk 0:09:34]} 28. Rc1
{[%clk 0:08:33]} Qb6 {[%clk 0:07:37]} 29. Rxe4 {[%clk 0:04:16]} dxe4
{[%clk 0:07:30]} 30. Qxe4 {[%clk 0:04:24]} Rd8 {[%clk 0:07:00]} 31. Nd3
{[%clk 0:03:55]} Kh8 {[%clk 0:06:50]} 32. Nf4 {[%clk 0:03:33]} Re5
{[%clk 0:06:54]} 33. Qc4 {[%clk 0:03:00]} Rd2 {[%clk 0:06:12]} 34. Nd3
{[%clk 0:01:17]} Rf5 {[%clk 0:05:54]} 35. Re1 {[%clk 0:01:09]} Qd8
{[%clk 0:05:48]} 36. Nf4 {[%clk 0:00:51]} g5 {[%clk 0:04:04]} 37. Ne6
{[%clk 0:00:14]} Qe7 {[%clk 0:04:12]} 38. f4 {[%clk 0:00:12]} gxf4
{[%clk 0:04:12]} 39. gxf4 {[%clk 0:00:21]} Qh4 {[%clk 0:04:05]} 40. Re2
{[%clk 0:00:16]} Rd1+ {[%clk 0:03:33]} 41. Kg2 {[%clk 0:00:25]} Rh5
{[%clk 0:02:55]} 42. Kf3 {[%clk 0:00:20]} Qh3+ {[%clk 0:02:52]} 43. Ke4
{[%clk 0:00:21]} Qf5+ {[%clk 0:02:59]} 44. Kf3 {[%clk 0:00:30]} Rh3+
{[%clk 0:03:01]} 45. Kf2 {[%clk 0:00:25]} Rxh2+ {[%clk 0:02:52]} 46. Kf3
{[%clk 0:00:33]} Qh3+ {[%clk 0:02:51]} 47. Ke4 {[%clk 0:00:37]} Rxe2+
{[%clk 0:02:54]} 48. Qxe2 {[%clk 0:00:43]} Qxe6+ {[%clk 0:03:02]} 49. Kf3
{[%clk 0:00:43]} Qxe2+ {[%clk 0:03:09]} 0-1

[Event "British Rapidplay 2017"]
[Site "Leeds"]
[Date "2017.11.19"]
[Round "8.1"]
[White "Dong, Bao Nghia"]
[Black "Alsina Leal, Daniel"]
[Result "1-0"]
[BlackElo "2508"]
[WhiteElo "2183"]
[LiveChessVersion "1.4.8"]

1. d4 {[%clk 0:20:17]} Nf6 {[%clk 0:20:19]} 2. Nf3 {[%clk 0:20:24]} g6
{[%clk 0:20:28]} 3. Bf4 {[%clk 0:20:22]} Bg7 {[%clk 0:20:36]} 4. h3
{[%clk 0:20:30]} O-O {[%clk 0:20:44]} 5. e3 {[%clk 0:20:39]} d6 {[%clk 0:20:52]}
6. c3 {[%clk 0:20:48]} b6 {[%clk 0:20:57]} 7. Bc4 {[%clk 0:20:56]} Bb7
{[%clk 0:20:57]} 8. O-O {[%clk 0:21:02]} Nbd7 {[%clk 0:20:56]} 9. a4
{[%clk 0:21:10]} a6 {[%clk 0:21:03]} 10. Nbd2 {[%clk 0:21:18]} c5
{[%clk 0:20:14]} 11. Qb3 {[%clk 0:21:24]} d5 {[%clk 0:17:25]} 12. Be2
{[%clk 0:21:31]} Ne4 {[%clk 0:17:25]} 13. Nxe4 {[%clk 0:20:39]} dxe4
{[%clk 0:17:34]} 14. Ne5 {[%clk 0:20:48]} Nxe5 {[%clk 0:17:26]} 15. dxe5
{[%clk 0:20:52]} e6 {[%clk 0:13:28]} 16. Rfd1 {[%clk 0:20:57]} Qc7
{[%clk 0:13:37]} 17. Rd6 {[%clk 0:20:59]} Bc6 {[%clk 0:13:43]} 18. Rad1
{[%clk 0:18:41]} Rfe8 {[%clk 0:13:42]} 19. h4 {[%clk 0:15:55]} Bf8
{[%clk 0:13:26]} 20. h5 {[%clk 0:15:46]} Bxd6 {[%clk 0:12:40]} 21. exd6
{[%clk 0:15:55]} Qd7 {[%clk 0:12:38]} 22. Qxb6 {[%clk 0:15:36]} e5
{[%clk 0:12:32]} 23. Bg5 {[%clk 0:15:41]} Bxa4 {[%clk 0:12:21]} 24. Rd2
{[%clk 0:14:40]} Rec8 {[%clk 0:08:19]} 25. Qa5 {[%clk 0:13:30]} Bb3
{[%clk 0:07:26]} 26. c4 {[%clk 0:13:12]} Rab8 {[%clk 0:06:00]} 27. Qc3
{[%clk 0:13:04]} Re8 {[%clk 0:05:40]} 28. Bf6 {[%clk 0:12:49]} Ba4
{[%clk 0:05:05]} 29. Be7 {[%clk 0:12:05]} Rxe7 {[%clk 0:03:35]} 30. dxe7
{[%clk 0:12:14]} Qxe7 {[%clk 0:03:43]} 31. Qa5 {[%clk 0:12:21]} Be8
{[%clk 0:03:16]} 32. Qxa6 {[%clk 0:12:22]} Kg7 {[%clk 0:03:18]} 33. hxg6
{[%clk 0:10:20]} hxg6 {[%clk 0:03:26]} 34. Bf1 {[%clk 0:10:24]} Qc7
{[%clk 0:02:41]} 35. Qa3 {[%clk 0:09:59]} Rb4 {[%clk 0:01:36]} 36. Rd5
{[%clk 0:07:40]} f6 {[%clk 0:01:43]} 37. Qa8 {[%clk 0:06:58]} Bf7
{[%clk 0:00:57]} 38. Rd8 {[%clk 0:06:56]} Rxb2 {[%clk 0:00:45]} 39. Rh8
{[%clk 0:04:41]} Qd6 {[%clk 0:00:52]} 40. Rh2 {[%clk 0:01:30]} Rb8
{[%clk 0:00:29]} 41. Qxe4 {[%clk 0:01:37]} Qd1 {[%clk 0:00:20]} 42. Qh4
{[%clk 0:01:45]} Bg8 {[%clk 0:00:25]} 43. Qh8+ {[%clk 0:01:51]} Kf7
{[%clk 0:00:34]} 44. Rh7+ {[%clk 0:01:32]} Ke6 {[%clk 0:00:16]} 45. Rg7
{[%clk 0:01:39]} Rb1 {[%clk 0:00:12]} 46. Qxg8+ {[%clk 0:01:47]} Kf5
{[%clk 0:00:21]} 47. Qc8+ {[%clk 0:01:42]} Kg5 {[%clk 0:00:26]} 48. f4+
{[%clk 0:01:28]} exf4 {[%clk 0:00:27]} 49. exf4+ {[%clk 0:01:37]} Kxf4
{[%clk 0:00:34]} 50. Qc7+ {[%clk 0:01:45]} Kf5 {[%clk 0:00:27]} 51. Qd7+
{[%clk 0:01:54]} Qxd7 {[%clk 0:00:29]} 52. Rxd7 {[%clk 0:02:03]} Re1
{[%clk 0:00:14]} 53. Rd5+ {[%clk 0:02:12]} Re5 {[%clk 0:00:23]} 54. Bd3+
{[%clk 0:02:21]} Kg5 {[%clk 0:00:14]} 55. Rxe5+ {[%clk 0:02:29]} fxe5
{[%clk 0:00:23]} 56. g3 {[%clk 0:02:38]} Kg4 {[%clk 0:00:28]} 57. Kf2
{[%clk 0:02:47]} g5 {[%clk 0:00:35]} 58. Bg6 {[%clk 0:02:39]} Kh3
{[%clk 0:00:41]} 59. Bf5+ {[%clk 0:02:48]} Kh2 {[%clk 0:00:49]} 60. g4
{[%clk 0:02:56]} 1-0

[Event "British Rapidplay 2017"]
[Site "Leeds"]
[Date "2017.11.19"]
[Round "8.2"]
[White "Klingher, Dominic"]
[Black "Surtees, Mike J"]
[Result "1-0"]
[BlackElo "2123"]
[WhiteElo "2143"]
[LiveChessVersion "1.4.8"]

1. e4 {[%clk 0:20:18]} c6 {[%clk 0:20:19]} 2. d4 {[%clk 0:20:27]} d5
{[%clk 0:20:28]} 3. f3 {[%clk 0:20:36]} e6 {[%clk 0:20:28]} 4. Be3
{[%clk 0:20:40]} Nf6 {[%clk 0:20:36]} 5. Nc3 {[%clk 0:20:25]} b6 {[%clk 0:20:18]}
6. e5 {[%clk 0:20:18]} Nfd7 {[%clk 0:20:27]} 7. f4 {[%clk 0:20:27]} g6
{[%clk 0:19:43]} 8. Nf3 {[%clk 0:20:33]} Be7 {[%clk 0:19:50]} 9. Be2
{[%clk 0:20:33]} Ba6 {[%clk 0:19:55]} 10. O-O {[%clk 0:20:40]} Qc8
{[%clk 0:19:33]} 11. Bxa6 {[%clk 0:20:35]} Qxa6 {[%clk 0:19:30]} 12. Qe1
{[%clk 0:20:14]} Qb7 {[%clk 0:17:54]} 13. Qg3 {[%clk 0:20:13]} c5
{[%clk 0:17:43]} 14. Ng5 {[%clk 0:20:14]} Nc6 {[%clk 0:17:05]} 15. Ne2
{[%clk 0:17:53]} Qa6 {[%clk 0:17:04]} 16. Qg4 {[%clk 0:17:41]} cxd4
{[%clk 0:15:44]} 17. Nxd4 {[%clk 0:17:26]} Nxd4 {[%clk 0:15:40]} 18. Bxd4
{[%clk 0:17:34]} Nc5 {[%clk 0:14:35]} 19. b4 {[%clk 0:16:39]} h6 {[%clk 0:11:15]}
20. Nxf7 {[%clk 0:15:50]} Kxf7 {[%clk 0:11:17]} 21. bxc5 {[%clk 0:15:57]} bxc5
{[%clk 0:11:25]} 22. Be3 {[%clk 0:15:22]} Qc4 {[%clk 0:10:22]} 23. Rab1
{[%clk 0:14:19]} Rab8 {[%clk 0:10:23]} 24. Qf3 {[%clk 0:12:55]} Qxc2
{[%clk 0:08:36]} 25. Rxb8 {[%clk 0:12:59]} Rxb8 {[%clk 0:08:44]} 26. f5
{[%clk 0:13:06]} Ke8 {[%clk 0:05:12]} 27. fxe6 {[%clk 0:11:59]} Qc3
{[%clk 0:02:18]} 28. Qf7+ {[%clk 0:10:47]} Kd8 {[%clk 0:02:27]} 29. Bxh6
{[%clk 0:10:52]} Qd4+ {[%clk 0:01:39]} 30. Kh1 {[%clk 0:10:57]} Qd3
{[%clk 0:01:46]} 31. Bf8 {[%clk 0:10:07]} 1-0

[Event "British Rapidplay 2017"]
[Site "Leeds"]
[Date "2017.11.19"]
[Round "8.3"]
[White "Jones, Steven A"]
[Black "Grattage, Matthew"]
[Result "1/2-1/2"]
[BlackElo "2077"]
[WhiteElo "2088"]
[LiveChessVersion "1.4.8"]

1. e4 {[%clk 0:20:19]} e5 {[%clk 0:20:18]} 2. Nf3 {[%clk 0:20:25]} Nc6
{[%clk 0:20:20]} 3. Bc4 {[%clk 0:20:12]} Bc5 {[%clk 0:20:21]} 4. c3
{[%clk 0:20:11]} Nf6 {[%clk 0:20:28]} 5. d4 {[%clk 0:20:16]} exd4
{[%clk 0:20:35]} 6. e5 {[%clk 0:20:23]} d5 {[%clk 0:19:14]} 7. Bb5
{[%clk 0:20:32]} Ne4 {[%clk 0:18:32]} 8. cxd4 {[%clk 0:20:40]} Bb4+
{[%clk 0:18:32]} 9. Bd2 {[%clk 0:20:48]} Bxd2+ {[%clk 0:18:23]} 10. Nbxd2
{[%clk 0:20:51]} O-O {[%clk 0:17:24]} 11. O-O {[%clk 0:19:30]} Ne7
{[%clk 0:17:10]} 12. Re1 {[%clk 0:18:25]} c6 {[%clk 0:16:40]} 13. Bd3
{[%clk 0:18:33]} Nxd2 {[%clk 0:16:47]} 14. Qxd2 {[%clk 0:18:28]} Bf5
{[%clk 0:16:43]} 15. Bxf5 {[%clk 0:17:47]} Nxf5 {[%clk 0:16:50]} 16. Qf4
{[%clk 0:17:56]} Ne7 {[%clk 0:16:47]} 17. Qh4 {[%clk 0:17:24]} Ng6
{[%clk 0:16:45]} 18. Qh5 {[%clk 0:17:17]} Re8 {[%clk 0:16:15]} 19. Re3
{[%clk 0:15:49]} Nf4 {[%clk 0:15:52]} 20. Qg4 {[%clk 0:15:38]} Ne6
{[%clk 0:15:57]} 21. Rc1 {[%clk 0:14:49]} Rc8 {[%clk 0:15:59]} 22. Nh4
{[%clk 0:13:42]} Qg5 {[%clk 0:15:36]} 23. Qxg5 {[%clk 0:13:51]} Nxg5
{[%clk 0:15:44]} 24. Nf5 {[%clk 0:14:00]} Rc7 {[%clk 0:15:19]} 25. b4
{[%clk 0:13:41]} a6 {[%clk 0:13:02]} 26. a4 {[%clk 0:13:50]} g6 {[%clk 0:12:22]}
27. Nd6 {[%clk 0:13:37]} Ra8 {[%clk 0:12:30]} 28. Rd3 {[%clk 0:12:37]} Ne6
{[%clk 0:11:31]} 29. g3 {[%clk 0:12:46]} Ng7 {[%clk 0:10:56]} 30. Rdc3
{[%clk 0:11:28]} Ne8 {[%clk 0:10:26]} 31. Nxe8 {[%clk 0:11:18]} Rxe8
{[%clk 0:10:34]} 32. b5 {[%clk 0:11:10]} axb5 {[%clk 0:09:57]} 33. axb5
{[%clk 0:11:19]} Ra8 {[%clk 0:09:41]} 34. Rc5 {[%clk 0:10:42]} Rcc8
{[%clk 0:09:16]} 35. Kg2 {[%clk 0:10:13]} Kf8 {[%clk 0:09:03]} 36. bxc6
{[%clk 0:09:20]} Rxc6 {[%clk 0:08:46]} 37. Rxc6 {[%clk 0:09:28]} bxc6
{[%clk 0:08:55]} 38. Rxc6 {[%clk 0:09:36]} Ra4 {[%clk 0:09:04]} 39. Rf6
{[%clk 0:09:45]} Kg7 {[%clk 0:08:26]} 40. Rf4 {[%clk 0:09:52]} g5
{[%clk 0:08:34]} 41. Rg4 {[%clk 0:09:34]} f6 {[%clk 0:07:38]} 42. h4
{[%clk 0:09:29]} h6 {[%clk 0:07:04]} 43. exf6+ {[%clk 0:09:30]} Kxf6
{[%clk 0:07:12]} 44. f4 {[%clk 0:08:12]} Kf5 {[%clk 0:06:30]} 45. Kh3
{[%clk 0:08:18]} gxh4 {[%clk 0:05:43]} 46. Rxh4 {[%clk 0:08:20]} Ra6
{[%clk 0:05:45]} 47. Rh5+ {[%clk 0:06:57]} Ke4 {[%clk 0:05:54]} 48. Re5+
{[%clk 0:07:05]} Kxd4 {[%clk 0:06:02]} 49. Kh4 {[%clk 0:07:14]} Ra1
{[%clk 0:04:33]} 50. Re6 {[%clk 0:06:13]} Rh1+ {[%clk 0:03:36]} 51. Kg4
{[%clk 0:06:22]} h5+ {[%clk 0:03:17]} 52. Kg5 {[%clk 0:06:18]} Rg1
{[%clk 0:02:54]} 53. f5 {[%clk 0:06:21]} Rxg3+ {[%clk 0:03:01]} 54. Kxh5
{[%clk 0:06:29]} Kc3 {[%clk 0:02:52]} 55. Rc6+ {[%clk 0:06:12]} Kd3
{[%clk 0:02:45]} 56. f6 {[%clk 0:05:24]} d4 {[%clk 0:02:20]} 57. f7
{[%clk 0:05:31]} Rf3 {[%clk 0:02:28]} 58. Kg6 {[%clk 0:05:40]} Rg3+
{[%clk 0:01:18]} 59. Kh7 {[%clk 0:05:23]} Rf3 {[%clk 0:01:21]} 60. Kg7
{[%clk 0:05:31]} Rxf7+ {[%clk 0:01:09]} 61. Kxf7 {[%clk 0:05:40]} Ke2
{[%clk 0:01:18]} 62. Re6+ {[%clk 0:05:33]} Kd2 {[%clk 0:01:26]} 63. Kf6
{[%clk 0:05:38]} d3 {[%clk 0:01:35]} 64. Kf5 {[%clk 0:05:41]} Kc2
{[%clk 0:01:40]} 65. Rc6+ {[%clk 0:05:44]} Kb2 {[%clk 0:01:46]} 66. Rd6
{[%clk 0:05:32]} Kc2 {[%clk 0:01:54]} 67. Ke4 {[%clk 0:05:28]} d2
{[%clk 0:02:03]} 68. Rc6+ {[%clk 0:05:37]} Kb2 {[%clk 0:02:10]} 69. Rb6+
{[%clk 0:05:41]} Kc2 {[%clk 0:02:18]} 70. Rc6+ {[%clk 0:05:49]} Kb2
{[%clk 0:02:27]} 71. Rd6 {[%clk 0:05:58]} Kc2 {[%clk 0:02:36]} 72. Rxd2+
{[%clk 0:05:58]} Kxd2 {[%clk 0:02:44]} 1/2-1/2

[Event "British Rapidplay 2017"]
[Site "Leeds"]
[Date "2017.11.19"]
[Round "8.4"]
[White "Han, Yichen"]
[Black "Garnett, John S"]
[Result "1-0"]
[BlackElo "1951"]
[WhiteElo "1790"]
[LiveChessVersion "1.4.8"]

1. Nf3 {[%clk 0:20:19]} d5 {[%clk 0:20:15]} 2. d4 {[%clk 0:20:24]} Nf6
{[%clk 0:20:23]} 3. e3 {[%clk 0:20:28]} Bf5 {[%clk 0:20:21]} 4. b3
{[%clk 0:20:10]} e6 {[%clk 0:20:26]} 5. Bd3 {[%clk 0:20:02]} Bxd3
{[%clk 0:20:23]} 6. Qxd3 {[%clk 0:20:10]} c6 {[%clk 0:20:29]} 7. O-O
{[%clk 0:20:14]} Bd6 {[%clk 0:20:19]} 8. c4 {[%clk 0:20:07]} O-O {[%clk 0:20:15]}
9. Ba3 {[%clk 0:20:02]} Bxa3 {[%clk 0:20:09]} 10. Nxa3 {[%clk 0:20:11]} Qe7
{[%clk 0:20:00]} 11. Nc2 {[%clk 0:19:53]} Nbd7 {[%clk 0:19:59]} 12. c5
{[%clk 0:19:55]} e5 {[%clk 0:19:32]} 13. Nd2 {[%clk 0:19:35]} e4 {[%clk 0:19:33]}
14. Qe2 {[%clk 0:19:25]} Rfe8 {[%clk 0:18:32]} 15. b4 {[%clk 0:19:16]} Nf8
{[%clk 0:18:17]} 16. a4 {[%clk 0:18:46]} Qc7 {[%clk 0:18:05]} 17. b5
{[%clk 0:17:04]} Re6 {[%clk 0:17:40]} 18. Rab1 {[%clk 0:16:25]} N6d7
{[%clk 0:17:00]} 19. f3 {[%clk 0:16:08]} exf3 {[%clk 0:16:50]} 20. Rxf3
{[%clk 0:15:53]} Rae8 {[%clk 0:16:34]} 21. Qf2 {[%clk 0:15:30]} Nf6
{[%clk 0:16:27]} 22. Rf1 {[%clk 0:14:33]} Ng6 {[%clk 0:13:41]} 23. h3
{[%clk 0:13:22]} R8e7 {[%clk 0:12:25]} 24. g4 {[%clk 0:10:15]} Ne4
{[%clk 0:11:52]} 25. Nxe4 {[%clk 0:10:13]} Rxe4 {[%clk 0:11:56]} 26. Ne1
{[%clk 0:09:07]} Qd7 {[%clk 0:11:25]} 27. Ng2 {[%clk 0:08:40]} Nh8
{[%clk 0:09:50]} 28. Qg3 {[%clk 0:06:37]} Re8 {[%clk 0:07:26]} 29. Qf2
{[%clk 0:05:55]} R4e7 {[%clk 0:07:18]} 30. bxc6 {[%clk 0:04:10]} bxc6
{[%clk 0:07:26]} 31. Nf4 {[%clk 0:04:16]} Rb8 {[%clk 0:07:21]} 32. Nd3
{[%clk 0:04:12]} Qe8 {[%clk 0:06:48]} 33. g5 {[%clk 0:03:32]} Ng6
{[%clk 0:04:56]} 34. h4 {[%clk 0:03:38]} Qd7 {[%clk 0:04:50]} 35. Qg3
{[%clk 0:03:43]} Qc7 {[%clk 0:04:19]} 36. Qxc7 {[%clk 0:03:27]} Rxc7
{[%clk 0:04:28]} 37. h5 {[%clk 0:03:36]} Nf8 {[%clk 0:03:47]} 38. Ne5
{[%clk 0:03:45]} Rbb7 {[%clk 0:03:36]} 39. Rf5 {[%clk 0:01:59]} Ne6
{[%clk 0:03:31]} 40. Kg2 {[%clk 0:01:53]} Nd8 {[%clk 0:03:33]} 41. h6
{[%clk 0:01:54]} g6 {[%clk 0:03:22]} 42. Rf6 {[%clk 0:02:02]} Ne6
{[%clk 0:03:22]} 43. R1f2 {[%clk 0:01:28]} Nxg5 {[%clk 0:02:55]} 44. Rxc6
{[%clk 0:01:30]} Rxc6 {[%clk 0:02:47]} 45. Nxc6 {[%clk 0:01:39]} Rc7
{[%clk 0:02:17]} 46. Nb4 {[%clk 0:01:44]} Ne4 {[%clk 0:01:58]} 47. Rb2
{[%clk 0:01:45]} Nf6 {[%clk 0:00:56]} 48. Nxd5 {[%clk 0:01:35]} Nxd5
{[%clk 0:01:03]} 49. Rb8+ 1-0

[Event "British Rapidplay 2017"]
[Site "Leeds"]
[Date "2017.11.19"]
[Round "9.1"]
[White "Klingher, Dominic"]
[Black "Han, Yichen"]
[Result "1/2-1/2"]
[BlackElo "1790"]
[WhiteElo "2143"]
[LiveChessVersion "1.4.8"]

1. e4 {[%clk 0:20:18]} e5 {[%clk 0:20:19]} 2. Nc3 {[%clk 0:20:26]} Nc6
{[%clk 0:20:29]} 3. Bc4 {[%clk 0:20:29]} Nf6 {[%clk 0:20:33]} 4. d3
{[%clk 0:20:37]} Be7 {[%clk 0:20:32]} 5. f4 {[%clk 0:20:45]} d6 {[%clk 0:20:03]}
6. Nf3 {[%clk 0:20:40]} exf4 {[%clk 0:19:55]} 7. Bxf4 {[%clk 0:20:47]} Be6
{[%clk 0:20:03]} 8. Bb3 {[%clk 0:20:41]} Bxb3 {[%clk 0:19:57]} 9. axb3
{[%clk 0:20:49]} O-O {[%clk 0:19:47]} 10. O-O {[%clk 0:20:56]} Re8
{[%clk 0:19:19]} 11. Nd5 {[%clk 0:20:27]} Nxd5 {[%clk 0:19:04]} 12. exd5
{[%clk 0:20:36]} Nb8 {[%clk 0:19:11]} 13. d4 {[%clk 0:20:42]} Nd7
{[%clk 0:19:12]} 14. Qd3 {[%clk 0:20:47]} Nf6 {[%clk 0:18:23]} 15. c4
{[%clk 0:20:53]} c6 {[%clk 0:18:15]} 16. dxc6 {[%clk 0:20:53]} bxc6
{[%clk 0:18:24]} 17. Nh4 {[%clk 0:20:19]} g6 {[%clk 0:17:47]} 18. Qf3
{[%clk 0:20:01]} Nh5 {[%clk 0:16:47]} 19. Nf5 {[%clk 0:15:41]} Nxf4
{[%clk 0:16:19]} 20. Nxe7+ {[%clk 0:15:49]} Qxe7 {[%clk 0:16:28]} 21. Qxf4
{[%clk 0:15:52]} Qe3+ {[%clk 0:16:28]} 22. Qxe3 {[%clk 0:15:57]} Rxe3
{[%clk 0:16:37]} 23. Rf6 {[%clk 0:16:01]} Rxb3 {[%clk 0:16:25]} 24. Rxd6
{[%clk 0:16:10]} Rxb2 {[%clk 0:16:34]} 25. Rxc6 {[%clk 0:16:12]} Re8
{[%clk 0:16:40]} 26. Kh1 {[%clk 0:13:38]} Ree2 {[%clk 0:16:25]} 27. Rg1
{[%clk 0:13:46]} Red2 {[%clk 0:15:49]} 28. d5 {[%clk 0:13:54]} a5
{[%clk 0:15:45]} 29. d6 {[%clk 0:11:43]} a4 {[%clk 0:15:37]} 30. c5
{[%clk 0:11:15]} a3 {[%clk 0:15:19]} 31. Ra6 {[%clk 0:10:48]} Rbc2
{[%clk 0:15:01]} 32. Rxa3 {[%clk 0:06:44]} Rxc5 {[%clk 0:15:08]} 33. Ra6
{[%clk 0:05:27]} Rcd5 {[%clk 0:15:12]} 34. h3 {[%clk 0:05:34]} Rxd6
{[%clk 0:15:20]} 35. Rxd6 {[%clk 0:05:43]} Rxd6 {[%clk 0:15:29]} 36. Kh2
{[%clk 0:05:51]} Kg7 {[%clk 0:15:39]} 37. Rf1 {[%clk 0:05:57]} f5
{[%clk 0:15:47]} 38. Rc1 {[%clk 0:06:02]} Kf6 {[%clk 0:15:48]} 39. Kg3
{[%clk 0:06:04]} h5 {[%clk 0:15:49]} 40. Rc3 {[%clk 0:05:56]} g5 {[%clk 0:15:36]}
41. Rc8 {[%clk 0:05:58]} f4+ {[%clk 0:15:32]} 42. Kf3 {[%clk 0:06:00]} Rd3+
{[%clk 0:15:40]} 43. Kf2 {[%clk 0:06:06]} Rg3 {[%clk 0:15:43]} 44. Rc6+
{[%clk 0:06:01]} Ke5 {[%clk 0:15:44]} 45. Rh6 {[%clk 0:06:07]} h4
{[%clk 0:15:53]} 46. Ra6 {[%clk 0:06:14]} 1/2-1/2